000 00872nam a2200241 i 4500
001 168979
003 ES-MaACL
005 20250812062530.0
008 080710s1952 sp f |||| | spa d
080 _a336.2(460)
100 1 _aVillar Palasí, José Luis.
_9115097
245 1 3 _aLa tributación en el presupuesto español /
_cJosé Luis Villar Palasí.
260 _aMadrid :
_bAteneo,
_c1952.
300 _a46 p. :
_b1 lám. ;
_c19 cm.
490 1 _aColección "O crece o muere" ;
_v31
500 _aEl original fue dado a conocer por el autor en el Ateneo de Madrid, el 27 de febrero de 1952.
610 2 7 _aAteneo de Madrid-
_vConferencias-
_y1940-1982.
_91908
651 _aEspaña-
_xPolítica fiscal.
_98431
830 0 0 _aColección "O crece o muere"
_v31
_9183476
852 _aES-MaACL
_jJ-24 (31)
852 _aES-MaACL
_jJ-25 (31)
999 _c168979
_d168979